| 000 | 00395nam a22001697a 4500 | ||
|---|---|---|---|
| 005 | 20160618130319.0 | ||
| 008 | 160618b xxu||||| |||| 00| 0 eng d | ||
| 020 | _a978-0-07-01467-3 | ||
| 041 | _aeng | ||
| 082 | _b8153 | ||
| 100 |
_aVohra, N.D. _92221 |
||
| 245 | _aQuantitative Techniques in Management | ||
| 260 |
_bTMH _c2010 |
||
| 300 | _a1008 | ||
| 650 |
_aManagement _9241 |
||
| 942 | _cBK | ||
| 999 |
_c3107 _d3106 |
||